| 000 | 00535nam a2200181 a 4500 | ||
|---|---|---|---|
| 005 | 20210219150056.0 | ||
| 008 | 991125s1999 fr 000 0 eng u | ||
| 020 | _a9264170073 | ||
| 035 | _aUPN01000006764 | ||
| 049 | _aCG | ||
| 050 | 4 |
_aHN17.5 _bC3.7 |
|
| 245 | 0 | 2 |
_aA caring world : _bthe new social policy agenda. |
| 260 |
_aParís : _bOECD, _cc1999. |
||
| 300 |
_a156 p. : _bgráfs. col., tablas |
||
| 610 | 2 | 4 | _aORGANIZACION PARA LA COOPERACION Y EL DESARROLLO ECONOMICOS |
| 650 | 4 |
_aHISTORIA SOCIAL - _ySIGLO XIX |
|
| 905 | _aLibro | ||
| 999 |
_c6764 _d6764 |
||